NBA Top 50 Active Point Leaders - Statistics

General Stats
  • This quiz has been taken 119 times
    46 since last reset
  • The average score is 35 of 50
Answer Stats
Points Team Answer % Correct
43,440 Lakers LeBron James
100%
29,339 Cavs James Harden
95%
26,528 Warriors Steph Curry
95%
21,531 Bucks Giannis Antetokounmpo
93%
19,338 76ers Paul George
93%
19,385 Wizards Anthony Davis
90%
22,598 Blazers Damian Lillard
90%
14,132 Celtics Jayson Tatum
90%
32,597 Rockets Kevin Durant
90%
18,009 Nuggets Nikola Jokic
90%
18,120 Suns Devin Booker
88%
16,546 Clippers Kawhi Leonard
88%
18,433 Mavericks Kyrie Irving
88%
27,176 Kings Russell Westbrook
85%
13,474 Celtics Jaylen Brown
83%
13,544 76ers Joel Embiid
83%
16,384 Knicks Karl-Anthony Towns
83%
26,711 Kings DeMar DeRozan
80%
15,272 Cavaliers Donovan Mitchell
78%
15,021 Lakers Luka Doncic
78%
12,489 Wizards Trae Young
78%
11,528 Nuggets Jamal Murray
76%
15,077 Warriors Al Horford
73%
12,735 Spurs De'Aaron Fox
71%
14,480 Rockets Jeff Green
71%
17,346 Mavericks Klay Thompson
71%
16,658 Warriors Jimmy Butler
68%
16,373 76ers Kyle Lowry
68%
16,838 Hawks CJ McCollum
66%
14,167 Free Agent Eric Gordon
66%
13,411 Thunder Shai Gilgeous-Alexander
66%
17,287 Blazers Jrue Holiday
63%
15,184 Timberwolves Julius Randle
63%
14,338 Kings Zach Lavine
63%
17,684 Celtics Nikola Vucevic
61%
15,214 Heat Andrew Wiggins
59%
17,306 Suns Bradley Beal
59%
18,151 Clippers Brook Lopez
59%
12,810 Pacers Pascal Siakam
59%
16,715 Timberwolves Mike Conley
56%
16,440 Pistons Tobias Harris
54%
15,669 Jazz Kevin Love
51%
14,572 Spurs Harrison Barnes
49%
11,696 76ers Andre Drummond
44%
13,541 Mavs Khris Middleton
44%
12,846 Nuggets Jonas Valanciunas
39%
12,230 Nuggets Tim Hardaway Jr
37%
11,553 Clippers Nicolas Batum
34%
12,651 Knicks Jordan Clarkson
32%
12,494 Cavs Dennis Schroder
22%
No matching quizzes found
Score Distribution
Percent of People with Each Score
Percentile by Number Answered
Your Score History
You have not taken this quiz since the last reset